| Поле | Инд. | ПП | Название | Значение |
|---|---|---|---|---|
| Тип записи | a | |||
| Библиографический уровень | b | |||
| 001 | Контрольный номер | RU/IS/BASE/354030012 | ||
| 005 | Дата корректировки | 20200522191444.6 | ||
| 008 | Кодируемые данные | 20110321 | ||
| 040 | b | Код языка каталог. | rus | |
| e | Правила каталог. | PSBO | ||
| 041 | 0_ | a | Код языка текста | rus |
| 084 | a | Индекс другой классификации/Индекс ББК | 60.526.1; 60.561.2 | |
| 100 | 1_ | a | Автор | Куликова Н. А. |
| q | Полное имя | Куликова Наталья Александровна | ||
| 245 | 10 | a | Заглавие | Повышение качества жизни населения как функция социального государства |
| 500 | a | Примечание | Стат. дан. в тексте | |
| 504 | a | Библиография | Библиогр.: с. 44 - 45 | |
| 520 | a | Аннотация | В статье обозначены основные критерии оценки проводимых государством мер в области социальной политики. Подчеркивается важность роли государственного управления в повышении качества и уровня жизни населения, что приводит к изменениям в социальной структуре общества, стабилизируя ее. Выделены основные направления деятельности, на которых должно быть ориентировано государственное управление в достижении социально-экономической стабильности в стране с учетом последствий кризиса | |
| 650 | a | Основная рубрика | социология | |
| a | Основная рубрика | экономическая социология | ||
| 653 | a | Ключевые слова | государственное управление | |
| a | Ключевые слова | денежные доходы | ||
| a | Ключевые слова | доходы населения | ||
| a | Ключевые слова | качество жизни | ||
| a | Ключевые слова | российское общество | ||
| a | Ключевые слова | Россия | ||
| a | Ключевые слова | социальная дифференциация | ||
| a | Ключевые слова | социальная жизнь | ||
| a | Ключевые слова | социальная политика | ||
| a | Ключевые слова | социальное государство | ||
| a | Ключевые слова | социально-экономическое развитие | ||
| a | Ключевые слова | социологические исследования | ||
| a | Ключевые слова | уровень жизни | ||
| a | Ключевые слова | устойчивость развития | ||
| 773 | 08 | t | Заглавие источника | Вестник Московского университета. Серия 18, Социология и политология |
| d | Дата издания источника | 2010 | ||
| g | Прочая информация | № 4. - С. 33 - 45 : граф., табл., схем. | ||
| w | Контрольный № источника | RU/IS/BASE/349533681 | ||
| 901 | t | Тип документа | b |